| 000 | 01181nam a2200289 a 4500 | ||
|---|---|---|---|
| 999 |
_c488310 _d488310 |
||
| 003 | BLK | ||
| 005 | 20250117175330.0 | ||
| 008 | 190802b bu ||||gr|||| 00| 0 bu d | ||
| 020 | _a9786197604160 | ||
| 040 | _aBLK | ||
| 041 |
_aBUL _cBUL |
||
| 080 |
_aАнглийска литература _b821.111 _x-312.9 _z821.111-312.9 |
||
| 100 |
_aДжеймс, М. Р. _eпърви автор _91299 |
||
| 139 |
_aДжеймс, М. Р. _bД 50 |
||
| 245 |
_aПетте буркана _cМ. Р. Джеймс ; ил. Гилбърт Джеймс ; прев. Явор Цанев. |
||
| 260 |
_9214217 _aРусе _bGaiana Book Art Studio _c2021 _n978-619-7354- ; 978-954-92465- ; 978-954-8633- ; 978-954-903 |
||
| 300 |
_a115 с. _bс ил. _c20 см |
||
| 380 | _aX | ||
| 490 |
_aOld Gold _9467246 |
||
| 500 | _aОриг. загл.: The five jars / M. R. James. - За авт.: с. 5. | ||
| 700 |
_aЦанев, Явор Богомилов _d1971- _eпрев. _9381955 |
||
| 700 |
_9486054 _aДжеймс, Гилбърт _eил. |
||
| 856 |
_i0.00 _ldisable |
||
| 942 |
_cKNG _n0 _s1 _03 |
||
| 944 |
_aED _c2023-01-18 _k30530 _lМинев Младен |
||
| 999 | _d488310 | ||